000 00497nam a22001817a 4500
005 20260422074940.0
008 260422b |||||||| |||| 00| 0 eng d
020 _a9788199103009
_c440.00
040 _aMAIN
041 _aeng
082 _a337
_bAHM
100 _aAhmed, Rofique.
245 _aInternational Economics
_cBy Rofique Ahmed.
260 _aJorhat:
_bNorth East Institute of Research Consultancy & Publication
_c2025.
300 _a332p.
650 _aEconomic
942 _2ddc
_cBK
999 _c16398
_d16398